[Event "Olympiad-36"]
[Site "Mallorca"]
[Date "2004.10.18"]
[Round "4"]
[White "Nataf, Igor Alexandre"]
[Black "Ostenstad, Berge"]
[Result "1-0"]
[WhiteElo "2565"]
[BlackElo "2506"]
[Annotator "Finkel,A"]
[PlyCount "57"]
[EventDate "2004.10.15"]
[EventType "team-swiss"]
[EventRounds "14"]
[EventCountry "ESP"]
[SourceTitle "CBM 104"]
[Source "ChessBase"]
[SourceDate "2005.01.27"]
[SourceVersion "1"]
[SourceVersionDate "2005.01.27"]
[SourceQuality "1"]
[WhiteTeam "France"]
[BlackTeam "Norway"]
[WhiteTeamCountry "FRA"]
[BlackTeamCountry "NOR"]

1. e4 e6 2. d4 d5 3. Nc3 Bb4 4. Nge2 Nf6 $6 (4... dxe4) 5. e5 Nfd7 6. f4 f5 $6
{Dubious decision after which white's initiative is getting beyond the
dangerous.} (6... b6 7. g3 Bb7 8. Bg2 g6 9. Be3 h5 10. Qd2 Be7 11. O-O-O Nc6
12. h3 $14 {Hector,J-Berg,E/Malmo 2002}) (6... c5 7. a3 Bxc3+ (7... Ba5 8. b4
cxb4 9. Nb5 O-O 10. axb4 Bxb4+ 11. c3 Be7 12. Ba3 Bxa3 13. Rxa3 Nc6 $13 {
Koons,N-Ritvin,S/Saint Paul 2000}) 8. Nxc3 cxd4 9. Qxd4 Nc6 10. Qf2 Qb6 11.
Qxb6 Nxb6 12. Nb5 O-O 13. Be3 Nd7 14. O-O-O a6 15. Nd4 Nxd4 16. Bxd4 $14 {
Harding,C-Giulian,P/England 1988}) (6... O-O 7. g3 c5 8. Bd2 cxd4 9. Nb5 Bxd2+
10. Qxd2 Qb6 11. Nexd4 a6 12. Nd6 Qxb2 13. Rd1 Nc6 14. c4 Qxd2+ 15. Rxd2 $14 {
Bisguier,A-Shabalov,A/Chicago 1994}) (6... f6 7. Ng3 c5 8. a3 Bxc3+ 9. bxc3 O-O
10. Bd3 cxd4 11. cxd4 Qb6 12. Qh5 f5 13. Ne2 $16 {Gofshtein,L-Malfagia,A/
Bratto 1998}) (6... g6 7. h4 h5 8. f5 exf5 9. a3 Bxc3+ 10. Nxc3 c6 11. Bg5 Qb6
12. b4 Nf8 13. Na4 $44 {Solodovnichenko,Y-Socko,B/Dos Hermanas 2003}) 7. a3 (7.
exf6 Nxf6 8. Ng3 O-O 9. Bd3 c5 10. a3 Bxc3+ 11. bxc3 Nc6 12. O-O Qa5 13. Bd2 c4
14. Be2 Ne7 15. a4 $14 {Chernomordik,P-Haimovich,T/Israel 2002}) 7... Be7 8. g4
$1 $36 {Great decision by french grandmaster. Black pieces are stuck on the
queenside so the kingside break is just on time.} (8. Be3 O-O 9. h3 c5 10. dxc5
Nxc5 11. Qd2 Nc6 12. O-O-O b5 13. g4 $2 b4 14. axb4 Nxb4 $36 {Vandenbussche,
T-Steen,P/Westerlo 2004}) 8... fxg4 (8... Nb6 9. Ng3 Nc6 10. Be3 Bh4 11. Bd3
$14) 9. Ng3 h5 10. h3 Bh4 11. Qd3 Nf8 ({An attempt to put a pressure on
white's center wouldn't work out:} 11... Nc6 12. hxg4 hxg4 (12... Nxd4 13. Kd1
Bxg3 14. Qxd4 Nf8 15. g5 h4 16. Ne2 $16) 13. Qg6+ Kf8 14. Kd1 $1 $16 {[%cal
Gh1h8]}) 12. Bd2 gxh3 13. O-O-O Nc6 14. Rxh3 g6 15. Be1 $1 Be7 (15... Qe7 $6
16. Nf5 gxf5 17. Bxh4 Qf7 18. Bf6 Rh7 19. Be2 $16) 16. Be2 Qd7 17. Bf3 {
All is set up for the f5 break.} Kd8 (17... b6 18. f5 $1 gxf5 19. Nxf5 $1 (19.
Bxh5+ $6 Kd8 20. Be8 Rxh3 21. Bxd7 Bxd7 $132) 19... exf5 20. Nxd5 Rb8 21. Nxe7
Nxe7 22. d5 $40) 18. Kb1 {Just in case!} b6 19. f5 $1 gxf5 20. Nxf5 exf5 21.
Nxd5 Bg5 $2 {This one is losing on the spot. More chancs for survival would
leave} (21... Ng6 {even though white's attack is extremly dangerous anyway.}
22. Rg3 $1 (22. Bg3 h4 23. Bh2 Bb7 24. e6 Qxe6 25. Nxc7 Qd7 26. Nxa8 Bxa8 27.
Rg1 $14) 22... Qe8 23. Rxg6 Qxg6 24. Nxe7 Kxe7 25. Bh4+ Kf8 26. Bf6 $16 {
[%csl Rc6]}) 22. Rg3 $1 $18 Ne6 23. Rxg5 $1 Nxg5 24. Nf6 Nxf3 25. Qxf3 $1 (25.
Nxd7 Nxe1 26. Qxf5 Ne7 27. Qe4 c6 28. Nf6 $18) 25... Qf7 26. Qxc6 Rb8 27. Bh4 {
[%csl Rd8][%cal Gf6e4,Ge4d6]} Bb7 28. Ne4+ Kc8 29. Nd6# {[#] Great play by
Nataf!} 1-0

[Event "Budapest FS04 GM-A"]
[Site "Budapest"]
[Date "2002.04.13"]
[Round "12"]
[White "Antal, Gergely"]
[Black "Kallio, Heikki"]
[Result "1-0"]
[WhiteElo "2457"]
[BlackElo "2502"]
[Annotator "Finkel,A"]
[PlyCount "91"]
[EventDate "2002.04.02"]
[EventType "tourn"]
[EventRounds "13"]
[EventCountry "HUN"]
[EventCategory "9"]
[SourceTitle "CBM 089"]
[Source "ChessBase"]
[SourceDate "2002.08.12"]
[SourceVersion "1"]
[SourceVersionDate "2002.08.12"]
[SourceQuality "1"]

1. e4 e6 2. d4 d5 3. Nc3 Bb4 4. Bd3 dxe4 5. Bxe4 Nf6 6. Bf3 O-O 7. Nge2 Nc6 $6
{This move may hardly be recommended because it is hardly enough to equalize
while other continuations lead to balanced position.} (7... c6 8. O-O b6 9. a3
Be7 10. Re1 Bb7 11. h3 Nbd7 12. Bf4 Nd5 13. Nxd5 cxd5 14. Qd2 $14 {Van der
Lijn,N-Wind,M/NLD-chT9596 1995}) (7... e5 $1 8. O-O (8. dxe5 $6 Qxd1+ 9. Kxd1
Ng4 10. Bxg4 Bxg4 $44 {Nikolaevski-Khasin Kiev 1957}) 8... Bxc3 (8... exd4 9.
Nb5 $5 d3 10. Qxd3 Qxd3 11. cxd3 Na6 12. Bf4 c6 13. Nbc3 Bf5 14. d4 Rad8 $11 {
Rogers,I-Maksimovic,B/Nis 1983}) 9. Nxc3 exd4 10. Nb5 c5 11. Bf4 a6 (11... Na6
$5) 12. Nd6 Nc6 $10 {Gipslis,A-Geller,E/Riga 1958/URS-ch}) (7... Re8 8. O-O
Bxc3 9. Nxc3 Nbd7 10. Bf4 $14 {Dueck,S-Kuerth,T/Sebnitz 1998}) (7... c5 8. Be3
(8. a3 cxd4 9. axb4 dxc3 10. Qxd8 Rxd8 11. bxc3 Nc6 12. Ng3 Nd5 13. Ra3 Ne5 14.
Be2 Bd7 $13 {Dueckstein,A-Pienski,O/Velden 1995}) 8... Qe7 9. O-O Rd8 10. Bg5
Nc6 11. Ne4 Nxd4 12. Nxd4 cxd4 13. Qc1 e5 14. Bxf6 gxf6 15. Qh6 Bf5 $15 {
Lipiniks,L-Pazos,G/Buenos Aires 1946}) 8. O-O h6 9. h3 a6 10. Ne4 $5 (10. Bf4
Bd6 11. Qd2 e5 $6 12. Bxc6 exf4 13. Bf3 $14) 10... Nxe4 11. Bxe4 f5 $6 {
Another dubious decision leading to very difficult position.} (11... Ne7 12. c3
Bd6 13. Bc2 e5 14. Qd3 Ng6 15. Re1 $14) 12. Bxc6 bxc6 13. Nf4 {[%csl Rc6,Re6]}
Bd6 14. Re1 (14. Nd3 $5 a5 15. Re1 Qf6 16. c3 $16) 14... Qf6 15. c3 c5 16. Qb3
Re8 17. dxc5 Bxc5 18. Be3 Bd6 19. Bd4 Qf7 20. Nd3 {[%cal Gd3e5]} Bd7 21. c4 Bc6
22. Ne5 Bxe5 23. Bxe5 f4 $6 {[%csl Rf4] Creating another weakness to himself.}
24. f3 Rf8 (24... Red8 25. Rad1 g5 26. Qa3 $1 $16 {[%cal Ga3c5]}) 25. Qa3 $1
Rad8 26. Rad1 Kh7 27. Qc5 Bxf3 $6 {Despiration!} 28. gxf3 Qg6+ 29. Kf1 Qh5 30.
Rxd8 $1 {[%cal Gc5f2,Gf2g2]} Qxh3+ (30... Rxd8 31. Qf2 Qxh3+ 32. Qg2 $18) 31.
Ke2 Rxd8 32. Qf2 Qf5 33. Kf1 $1 $18 g5 34. Bxc7 Rd3 35. Be5 Qh3+ 36. Ke2 (36.
Qg2 $4 Rxf3+ 37. Kg1 Rg3 $19) 36... Re3+ 37. Kd1 Rxf3 38. Qc2+ Rd3+ 39. Kc1 {
[%cal Gc4c8]} Qf5 40. Rd1 Re3 (40... Rxd1+ 41. Kxd1 Qxc2+ 42. Kxc2 Kg6 43. c5
Kf7 44. c6 Ke8 45. Kd3 $18) 41. Bd4 Re4 42. c5 e5 43. c6 exd4 44. c7 d3 45.
c8=Q d2+ 46. Kb1 1-0

[Event "Bundesliga 0102"]
[Site "Germany"]
[Date "2001.11.24"]
[Round "3.6"]
[White "Hector, Jonny"]
[Black "Voigt, Martin"]
[Result "1-0"]
[WhiteElo "2552"]
[BlackElo "2300"]
[Annotator "Finkel,A"]
[PlyCount "83"]
[EventDate "2001.10.06"]
[EventType "team-tourn"]
[EventRounds "15"]
[EventCountry "GER"]
[SourceTitle "CBM 087"]
[Source "ChessBase"]
[SourceDate "2002.03.21"]
[SourceVersion "1"]
[SourceVersionDate "2002.03.21"]
[SourceQuality "1"]
[WhiteTeam "Luebeck"]
[BlackTeam "Hamburg Koenigsspringer"]
[WhiteTeamCountry "GER"]
[BlackTeamCountry "GER"]

1. e4 e6 2. d4 d5 3. Nc3 Bb4 4. Nge2 dxe4 5. a3 Be7 6. g4 $5 {If I remember
correctly this move was invented by Alekhine in his match versus Eive back in
1935!} (6. g3 Bd7 (6... f5 $6 7. Nf4 Bf6 8. Be3 c6 9. Bc4 Qd6 10. f3 exf3 11.
Qxf3 $16 {Horner,J-Clarke,P/Clacton on Sea 1974/EXT 2000}) 7. Nxe4 Bc6 8. f3 f5
9. Nd2 Bf6 10. c3 e5 11. dxe5 Bxe5 12. Bg2 Qd3 13. O-O Nd7 14. a4 Ne7 15. Nb3
$14 {Hector,J-Vallejo Pons,F/Aceimar 1995/EXT 97}) 6... e5 $5 {[%csl Rg4]
Immedeatly attacking the pawn on g4.} (6... Bd7 7. Ng3 Bc6 8. Bg2 h6 9. Be3 Nf6
10. Qe2 Nbd7 11. O-O-O Nb6 12. Ncxe4 Nxe4 13. Nxe4 Bd5 $11 {Planinec,A-Ivkov,B/
Novi Sad 1975/EXT 99}) 7. h3 exd4 8. Qxd4 Qxd4 9. Nxd4 {[%csl Re4] This
position despite it's seeming simplicity is not so easy fro black. White is
better developed and it turns out to be very important factor.} a6 (9... Bf6 $6
10. Ndb5 Bxc3+ 11. Nxc3 Nf6 12. g5 Nfd7 13. Nd5 Kd8 14. Bf4 $16 {[%cal Gd5c7]})
10. Bf4 c5 11. Nb3 Nf6 12. O-O-O {White's idea is just to play Bg2 and to take
on e4. As strange as it sounds black is helpless against it and once white
takes back the pawn his advantage becomes quiet significient.} Be6 $6 (12... b6
$5 13. Bg2 Bb7 14. Rhe1 O-O 15. Nxe4 Bxe4 16. Bxe4 Nxe4 17. Rxe4 Nc6 $14) 13.
Na5 b5 $6 (13... b6 14. Nc4 Nbd7 15. Nd6+ Bxd6 16. Bxd6 h6 17. Bg2 $14) 14. Bg2
Nbd7 15. Nxe4 Nxe4 16. Bxe4 $16 {[%cal Ga5b7,Gb7d6] Despite of material
balance black's position is nearly lost, mainly because of huge difference in
the strength of minor pieces.} Rd8 17. Nb7 $1 Rc8 18. Nd6+ Bxd6 19. Bxd6 {
I guess it's just a matter of taste!} (19. Rxd6 $5 $16 {[%csl Ra6]}) 19... Nb8
20. Bb7 Rd8 21. Bxc5 $18 Rd7 22. Be4 Kd8 23. f4 {Blck could resign at this
stage, but he tries to escape the inevitable...} Kc8 24. f5 Rxd1+ 25. Rxd1 Bd7
26. Bd4 f6 27. g5 $1 {Creating another weakness to black.} Re8 28. gxf6 gxf6 (
28... Rxe4 29. f7 $18) 29. Bd3 Rf8 30. Rg1 Nc6 31. Bf2 Ne5 32. Be4 Kc7 33. Bc5
Re8 34. Bf2 Nc4 35. Rg4 Re7 36. b3 Nd6 $6 (36... Ne5) 37. Bg3 Bc6 38. Bd3 Bd5
39. c4 bxc4 40. bxc4 Re3 41. Bxd6+ Kxd6 42. Rd4 1-0

[Event "ARM-ch"]
[Site "Yerevan"]
[Date "2005.05.04"]
[Round "6"]
[White "Minasian, Ara"]
[Black "Asrian, Karen"]
[Result "1/2-1/2"]
[WhiteElo "2510"]
[BlackElo "2611"]
[Annotator "Finkel,A"]
[PlyCount "54"]
[EventDate "2005.04.29"]
[EventType "tourn"]
[EventRounds "11"]
[EventCountry "ARM"]
[EventCategory "11"]
[SourceTitle "CBM 107"]
[Source "ChessBase"]
[SourceDate "2005.08.01"]
[SourceVersion "1"]
[SourceVersionDate "2005.08.01"]
[SourceQuality "1"]

1. e4 e6 2. d4 d5 3. Nc3 Bb4 4. Nge2 dxe4 5. a3 Be7 (5... Bxc3+ 6. Nxc3 Nc6 7.
d5 exd5 8. Qxd5) 6. Nxe4 Nf6 7. Qd3 $5 {Not a move black should upset from,
but definitely a one which leads to very interesting play!} Nc6 8. Bf4 O-O 9.
O-O-O b6 10. h4 Nxe4 (10... Bb7 11. Nxf6+ (11. N2g3 $5 {[%cal Ge4g5,Gg3h5]} Qd7
12. Ng5 h6 $2 13. Nh5 g6 14. Nxf6+ Bxf6 15. Nf3 Kg7 16. Qe3 Rh8 17. Ne5 $16 {
Fischvogt,E-Ronneberg,E/Chicago 1987}) (11. N2c3 Nb8 12. Nxf6+ Bxf6 13. Qg3 c6
14. Ne4 Kh8 15. Bd3 $16 {Melts,M-Specht,A/corr 1988}) (11. Ng5 $6 e5 12. Bg3
Bd6 13. d5 Ne7 14. c4 h6 15. Nc3 Bc8 $132 {Salonen,J-Farago,I/Helsinki 1983})
11... Bxf6 12. Qg3 Rc8 13. Bg5 Qd6 14. Bxf6 Qxg3 15. Nxg3 gxf6 16. Nh5 $14 {
Westerinen,H-Ostenstad,B/Gausdal 1991}) (10... Nd5 11. Bd2 e5 12. dxe5 Nxe5 13.
Qg3 Ng4 14. f3 f5 15. N4c3 Bd6 16. Nf4 $16 {Kozlov,V-Tockij,L/Roslavl 1989})
11. Qxe4 Bb7 12. d5 $5 {This move isn't a very logical one, since Black seems
to be better prepared for an open struggle, but it's not so easy to prove it
not just over the board, even with the help of chess engine! Even though I
believe Black should be able to seize the initiative.} (12. Nc3 Na5 13. d5 Bd6
14. Bxd6 cxd6 15. Bd3 g6 16. h5 Qf6 17. hxg6 hxg6 18. Rh3 $14 {Feistenauer,
F-Strand,T/Argentina 1995}) 12... exd5 13. Rxd5 Bd6 ({The only way to test 12.
d5 was by retreating the queen to c8, but the consequences are not so clear.} 
13... Qc8 14. Nc3 Bf6 15. Bd3 g6 16. h5 (16. Bg5 $6 Re8 (16... Bxc3 $6 17. bxc3
Nd8 18. h5 Bxd5 19. Qxd5 $40) 17. Qf4 Be5 18. Rxe5 Nxe5 19. Be4 c6 $15) 16...
Re8 (16... Ne7 $2 17. hxg6 hxg6 18. Be5 $18 {[%csl Rg8]}) 17. Qf3 (17. Qc4 Qg4
18. hxg6 hxg6 $15) 17... Ne7 $140 $6 18. hxg6 hxg6 19. Be4 Nxd5 20. Nxd5 Bxd5
21. Bxd5 Rb8 22. Be5 $1 $18) 14. Bxd6 cxd6 15. Qf4 Re8 $6 {Giving up a pawn
without a good reason. It was necessary to play} (15... Ne5 16. Rd1 Rc8 17. Nc3
Re8 18. Rh3 Re6 $11 {with balanced position}) 16. Rxd6 ({White keeps the
better chances also after} 16. Qxd6 $5 Ne5 (16... Qc8 $6 17. Nc3 (17. Qd7 $6
Qb8 $44) 17... Rd8 18. Qf4 Rxd5 19. Nxd5 Qe6 20. Bc4 Ne5 21. Rd1 $1 Rd8 (21...
Nxc4 22. Qxc4 Rd8 23. Qc7 $1 $18 {[%csl Rb7,Rd8]}) 22. Qg5 $1 $16) 17. Qxd8
Raxd8 18. Rxd8 Rxd8 19. f3 {[%csl Gg4]} h5 $1 {[%csl Rf1,Rh1,Rh4]} (19... Nc4
20. Nf4 Ne3 21. Bd3 $16) 20. Nc3 $1 (20. Nf4 Rd4 (20... Nxf3 $6 21. gxf3 Bxf3
22. Bg2 $18)) 20... Ng6 21. Bc4 Rd4 22. Bd3 Nf4 (22... Rxh4 23. Re1 Rh2 (23...
Kf8 $6 24. Bb5 $1 Ne7 25. Rd1 $14 {[%csl Ra7,Rb7]}) 24. Bxg6 fxg6 25. Re7 Ba6
26. Rxa7 Bf1 27. g3 $16) 23. Bf1 Rd6 $14) 16... Qe7 17. Rh3 {[%cal Gh3e3]} Ne5
18. Rd2 (18. Rd1 $5 $14 {[%csl Gf1]}) 18... Ba6 19. Rc3 (19. Re3 Rac8 20. Kb1
Qc5 21. Rc3 Qe7 22. Rxc8 Rxc8 23. Rd1 $14) 19... Qb7 20. h5 $5 {[%csl Gg6]}
Rac8 21. Rxc8 Qxc8 22. Ng3 Bxf1 23. Nxf1 Nc4 24. Rd1 h6 25. Ng3 (25. Nd2 Nxd2 (
25... Ne5 26. Ne4 $16) 26. Qxd2 Qc4 27. Qd7 Rc8 28. c3 $16) 25... Qc5 26. Nf5
Re2 27. Nd4 $1 Nxa3 $2 $16 ({A draw was agreed, even though White could've
just taken the knight after a preliminary check on b8, but both players seemed
to miss this continuation.} 27... Nxa3 $2 28. Qb8+ $1 (28. bxa3 $2 Qxa3+ 29.
Kb1 Qb4+ $11 {[%csl Rf4]}) 28... Kh7 29. bxa3 Qxa3+ 30. Kb1 Rxf2 (30... Qb4+
31. Nb3 Qc3 32. Rc1 Rxf2 33. Qxa7 $18) 31. Nb3 Rxg2 32. Qf4 $1 $18) 1/2-1/2

[Event "Abu Dhabi op 13th"]
[Site "Abu Dhabi"]
[Date "2003.08.19"]
[Round "4"]
[White "Harikrishna, Pentala"]
[Black "Dizdar, Goran"]
[Result "1/2-1/2"]
[WhiteElo "2558"]
[BlackElo "2525"]
[Annotator "Finkel,A"]
[PlyCount "87"]
[EventDate "2003.08.16"]
[EventType "swiss"]
[EventRounds "9"]
[EventCountry "UAE"]
[SourceTitle "CBM 097"]
[Source "ChessBase"]
[SourceDate "2003.11.11"]
[SourceVersion "1"]
[SourceVersionDate "2003.11.11"]
[SourceQuality "1"]

1. e4 e6 2. d4 d5 3. Nc3 Bb4 4. Bd3 $5 {Quite rare move at the high level,
however not without the reason. As shows the following game black has no
problems whatsoever to equalize in this line.} dxe4 5. Bxe4 Nf6 6. Bf3 c5 7.
Nge2 Nc6 8. Be3 (8. a3) 8... cxd4 (8... Nd5 $6 9. Bxd5 Qxd5 10. O-O Qh5 11. d5
Ne5 12. Ne4 $1 exd5 13. Nd6+ Kd7 14. Nxc8 $36 Ng4 15. h3 Nxe3 16. fxe3 Kxc8 17.
Nf4 Qxd1 18. Raxd1 $14 {Gusev,V-Jakhin,R/Jaroslavl 1975}) (8... O-O 9. O-O (9.
dxc5 Ne5 10. a3 Nxf3+ 11. gxf3 Bxc3+ 12. Nxc3 Qc7 13. Qd6 $16 {Le Diouron,A-Le
Goff,G/Fouesnant 1997}) 9... cxd4 10. Nxd4 Bd7 11. Nxc6 Bxc6 12. Bxc6 bxc6 $11
{Schaefer,M-Borgstaedt,M/Duisburg 1986}) (8... Nxd4 9. Nxd4 cxd4 10. Bxd4 O-O
11. O-O Bxc3 12. Bxc3 Nd5 13. Bd2 Qc7 14. b3 Bd7 15. c4 $14 {Haanpaa,
J-Pietarinen,P/Tampere 1993}) (8... Qe7 9. O-O O-O 10. a3 Bxc3 11. bxc3 Rd8 12.
Qb1 e5 $15 {Spitzl,R-Sebenik,M/Finkenstein 2000}) 9. Nxd4 (9. Bxc6+ bxc6 10.
Qxd4 Qxd4 (10... Qe7 11. O-O Ba6 12. Rfe1 O-O 13. a3 Bd6 14. Bg5 Rfd8 $15 {
Urban,H-Uhlmann,W/Wuerzburg 1993}) 11. Bxd4 Nd5 (11... O-O 12. O-O-O Re8 13.
Bxf6 gxf6 14. Ne4 Be7 15. Nd6 Rd8 16. Nxc8 Raxc8 $11 {Khavsky,S-Legky,N/
Simferopol 1990}) 12. a3 Bf8 13. Ne4 f6 14. Bc5 Bxc5 15. Nxc5 e5 16. O-O-O O-O
17. Rd2 Bf5 18. Ng3 Bg6 19. Nge4 $14 {Czerniakow,S-Matkowski,W/Sopot 1946})
9... Ne5 (9... Nd5 $5 10. Nxc6 bxc6 11. Bd2 Ba6 12. Ne2 $6 Qb6 13. Rb1 Rd8 $36
{Hammari,J-Berg,K/NOR 1998}) (9... Bd7 10. Ndb5 O-O 11. a3 Be7 12. O-O Qb8 13.
g3 a6 14. Nd4 Qc7 15. Re1 Rad8 16. Qe2 Rfe8 $13 {Miculka,P-Omelka,M/CZE 1997})
10. O-O (10. Be2 Nd5 11. Bd2 Nxc3 12. bxc3 Ba5 (12... Be7 13. O-O O-O 14. f4
Nd7 15. Bd3 Nc5 16. Qf3 Bd7 $15 {Fichtl,J-Uhlmann,W/Zinnowitz 1966}) 13. O-O
O-O 14. f4 Ng6 15. Bd3 Qd5 16. Nb3 Bc7 17. c4 Qd8 18. Qh5 $13 {Fichtl,
J-Uhlmann,W/Berlin East 1962}) 10... Bxc3 (10... Nxf3+ 11. Qxf3 O-O 12. Rad1
Qa5 13. Nb3 Qa6 14. Bc5 Bxc5 15. Nxc5 Qb6 $11 {Sterner,O-Golz,W/Dresden 1956})
11. bxc3 Nxf3+ 12. Qxf3 (12. Nxf3 Qxd1 13. Rfxd1 b6 14. Ne5 Bb7 15. a4 Nd5 16.
a5 f6 $15 {Van Dop,A-Zuidema,C/Leeuwarden 1972}) 12... Qd5 13. Qe2 $6 {White's
only chance in this position is to fight for initiative, since his pawn
structure is seriously damaged. That's why better is} (13. Qg3 O-O 14. Rfe1 Qh5
(14... b6 $5) 15. Rab1 b6 16. Rb5 Qg4 17. Qd6 h6 18. h3 Qg6 19. Nc6 $14 {
Novak,I-Vokoun,J/Cihak 1969}) 13... Bd7 (13... O-O 14. c4 Qe5 15. Nf3 Qh5 16.
Bd4 b6 17. Rab1 Ba6 18. Rfe1 Rfd8 $15 {Gusev,V-Totsky,L/Odessa 1991}) 14. Rfd1
O-O $15 {[%csl Rc2,Rc3]} 15. c4 Qe4 16. f3 Qe5 17. Qf2 (17. Rdb1 b6 18. a4 Rfc8
19. Nb5 a6 20. Nd4 Qc7 $15 {[%csl Rc4]}) 17... Rfc8 {Reminding white that he
has a couple of things to worry about.} 18. Nb3 Rxc4 19. Bxa7 Nd5 $1 20. Bd4
Qc7 21. Rd2 Rc8 22. Rc1 e5 23. Bb2 Be6 24. Re1 f6 25. Nd4 Nf4 {It's hard to
criticize black for this move, but it seems that more accurate was} (25... Bd7
$5 26. Nb3 Rxc2 27. Rxc2 Qxc2 28. Rc1 Qxf2+ 29. Kxf2 Ra8 $17 {with a pawn up
in the endgame.}) 26. Nxe6 Nxe6 27. Qe3 Qc5 28. Qxc5 Nxc5 29. c3 Kf7 $6 (29...
Ra8 $1) 30. Rb1 Rc7 31. Kf2 Ke6 32. Kg3 h5 33. h4 Kf5 $6 (33... Rd7 34. Rxd7
Nxd7 35. Ba1 b6 $17) 34. Ba3 $1 Na4 35. Bb4 $15 Nxc3 (35... g5 36. hxg5 Kxg5
$36) 36. Bxc3 Rxc3 37. Rdb2 g5 38. Rxb7 gxh4+ 39. Kxh4 Rxb7 40. Rxb7 Rc2 41.
Rg7 Rxa2 42. Kxh5 Ra1 43. Kh4 Kf4 44. Rg4+ 1/2-1/2

[Event "Manhattan March Int"]
[Site "New York"]
[Date "1999.03.15"]
[Round "9"]
[White "Negulescu, Adrian"]
[Black "Shliperman, Igor"]
[Result "1-0"]
[WhiteElo "2452"]
[BlackElo "2442"]
[Annotator "Finkel,A"]
[PlyCount "79"]
[EventDate "1999.03.05"]
[EventType "tourn"]
[EventRounds "9"]
[EventCountry "USA"]
[EventCategory "10"]
[SourceTitle "CBM 070"]
[Source "ChessBase"]
[SourceDate "1999.06.08"]
[SourceVersion "1"]
[SourceVersionDate "1999.06.08"]
[SourceQuality "1"]

1. d4 e6 2. e4 d5 3. Nc3 Bb4 4. Bd3 $5 Nc6 $6 5. e5 $5 {Interesting
continution taking an advantage of black's last move.} (5. Nge2 dxe4 (5... Nf6
$6 6. e5 Nd7 7. O-O b6 8. Nf4 g6 9. Qg4 Ne7 10. Nce2 c5 11. c3 Ba5 12. Nh3 $16
{Gudbrandsen,G-Djurhuus,R/Jarleslaget op 1997}) (5... Nge7 6. O-O dxe4 7. Nxe4
O-O 8. c3 Bd6 9. Bc2 e5 $2 10. d5 Nb8 11. c4 c6 12. c5 $16 {Gashimov,S-Hitos,V/
Ano Liosia op 1997 (31)}) 6. Bxe4 Nf6 7. Bf3 e5 8. Bxc6+ bxc6 9. O-O Ba6 10.
dxe5 Bxc3 11. bxc3 Ne4 12. Qe1 $14 {Bohm,H-Hecht,H/IBM-B 1972 (50)}) (5. a3 Ba5
6. Nf3 Nf6 7. exd5 Nxd5 8. Bd2 Nxc3 9. bxc3 h6 10. O-O O-O 11. Re1 $14 {
Djuric,S-Tatai,S/Forli op 1989 (36)}) (5. Bb5 a6 6. Bxc6+ bxc6 7. Qg4 Nf6 8.
Qxg7 Rg8 9. Qh6 Rxg2 10. Bg5 Bf8 11. Qh4 $14 {Fabian,H-Boehler,P/Waldshut Sen
1991}) 5... f5 $6 {Closing the center black deprives himself a counterplay and
very soon white's pressure becomes quiet significient.} 6. Nf3 Bxc3+ $5 (6...
Nge7 $6 7. Bd2 O-O 8. Ne2 $1 Bxd2+ 9. Qxd2 Nb8 10. c3 $14) 7. bxc3 Nge7 8. c4 (
8. O-O O-O 9. a4 b6 10. Ba3 Bb7 11. c4 Re8 12. c3 $14) 8... dxc4 9. Bxc4 Na5
10. Be2 b6 11. Bd2 $6 {Not a best place for bishop.} (11. c4 $6 c5 $5 12. dxc5
Qxd1+ 13. Bxd1 bxc5 14. Ba3 Nxc4 15. Bxc5 Nc6 16. Be2 $14) (11. Ba3 $5) 11...
Nac6 12. c3 h6 (12... O-O 13. O-O Bb7 14. Qc2 Qd7 15. Rad1 Rad8 16. Bc1 $5 {
[%cal Gc1a3]} Na5 17. Ba3 Be4 18. Qc1 $14) 13. O-O a5 $6 {Intending to change
the bishops,but it doesn't solve any problem.} 14. Qb3 a4 15. Qc2 Ba6 (15...
O-O 16. Rad1 $1 Ba6 17. c4 $1 Nxd4 $2 18. Nxd4 Qxd4 19. Bb4 {[%csl Re7]} Qh4
20. g3 Qg5 21. f4 $18) 16. Bxa6 Rxa6 17. Rfd1 b5 $5 {Otherwise white would
comfortbly transfer c4.} (17... O-O 18. c4 $1 $16 {[%csl Gd4][%cal Gd2c3,Gd4d6]
}) 18. c4 bxc4 19. Qxc4 Qc8 20. Ne1 $1 $16 {[%cal Ge1d3,Gd3c5] Knight goes to
c5,where it will be perfectly placed.} Kf7 {[%csl Re6]} 21. Nd3 Rd8 22. Nc5 Ra7
$6 (22... Ra8 23. Be3 g5 24. Rd3 f4 25. Bc1 $16) 23. Be1 a3 24. Rac1 Rd5 25.
Bc3 Qd8 26. h3 {It's easy to criticize this move,because it loses by force,but
it's very difficult to propose somthing instead!} Nxe5 $6 27. Qe2 Qc8 (27...
Qd6 28. dxe5 Qxc5 29. Bd4 $1 Qxd4 30. Rxd4 Rxd4 31. Qe3 Rda4 32. Qb3 $16) 28.
Re1 N7g6 $6 ({Better was} 28... N5g6 29. Nxe6 Rd6 30. Nc5 Nd5 31. Bd2 Kg8 32.
Qf3 $16 {,but also here black is in troubles.}) 29. Qh5 $1 $18 {Black is
totally tied up.} Rxc5 $8 30. dxc5 Nd3 31. Rcd1 Nxe1 32. c6 $1 {This exellent
move decides the game:rook joins the attack with crashing strength.} e5 (32...
Qe8 33. Rd7+ Kf8 34. Bxg7+ Kg8 35. Bd4 $18 {[%csl Rg8][%cal Gd4a7,Gh5h6,Gh6g7]}
) 33. Rd7+ Kf6 34. f4 $1 Nd3 (34... Qf8 35. fxe5+ Nxe5 36. Qh4+ Ke6 37. Qxe1
Qc5+ 38. Bd4 Qa5 39. Qe3 $18) 35. g4 $1 Ne7 (35... fxg4 36. hxg4 Ne7 37. Qh4+
Kg6 38. Qxe7 Qg8 39. Rxd3 $18) 36. Qh4+ Kg6 (36... g5 37. Qxh6+ Kf7 38. Qh7+
$18) 37. Qxe7 Qg8 38. Rxd3 Qxa2 39. gxf5+ Kh7 40. Rg3 1-0